ბათუმის შოთა რუსთაველის სახელმწიფო უნივერსიტეტის ბიბლიოთეკა

თოჯინამ ლაპარაკი არ იცის (ბიბ.ჩანაწერი № 41949)

000 -LEADER
fixed length control field 00686nam a2200229Ia 4500
001 - CONTROL NUMBER
control field 8633
003 - CONTROL NUMBER IDENTIFIER
control field GE_BSU
008 - FIXED-LENGTH DATA ELEMENTS--GENERAL INFORMATION
fixed length control field 181216s||||||||xx |||||||||||||| ||und||
040 ## - CATALOGING SOURCE
Transcribing agency GE_BSU
080 ## - UNIVERSAL DECIMAL CLASSIFICATION NUMBER
Universal Decimal Classification number 821.353.1-32
100 ## - MAIN ENTRY--PERSONAL NAME
Personal name ზარიძე, ელისო
245 ## - TITLE STATEMENT
Title თოჯინამ ლაპარაკი არ იცის
245 ## - TITLE STATEMENT
Remainder of title მოთხრობები.
260 ## - PUBLICATION, DISTRIBUTION, ETC.
Place of publication, distribution, etc. თბილისი.
260 ## - PUBLICATION, DISTRIBUTION, ETC.
Name of publisher, distributor, etc. მერანი.
260 ## - PUBLICATION, DISTRIBUTION, ETC.
Date of publication, distribution, etc. 1988
300 ## - PHYSICAL DESCRIPTION
Extent 112 გვ; 19 სმ.
653 ## - INDEX TERM--UNCONTROLLED
Uncontrolled term თოჯინამ ლაპარაკი არ იცის
653 ## - INDEX TERM--UNCONTROLLED
Uncontrolled term მოთხრობები.
942 ## - ADDED ENTRY ELEMENTS (KOHA)
Koha item type წიგნი
ეგზემპლარები
Withdrawn status Lost status Damaged status Not for loan Date acquired Barcode Date last seen Price effective from Koha item type
        2018-12-17 31050 2018-12-17 2018-12-17 წიგნი